An introduction to the standard model of particle physics / (Record no. 8726)

MARC details
000 -LEADER
fixed length control field 01048cam a22002777a 4500
001 - CONTROL NUMBER
control field 14859171
003 - CONTROL NUMBER IDENTIFIER
control field OSt
005 - DATE AND TIME OF LATEST TRANSACTION
control field 20240624104135.0
008 - FIXED-LENGTH DATA ELEMENTS--GENERAL INFORMATION
fixed length control field 070521s2007 enka b 001 0 eng
010 ## - LIBRARY OF CONGRESS CONTROL NUMBER
LC control number 2007274540
020 ## - INTERNATIONAL STANDARD BOOK NUMBER
International Standard Book Number 0521852498
040 ## - CATALOGING SOURCE
Original cataloging agency DLC
Transcribing agency MUST
Modifying agency DLC
082 00 - DEWEY DECIMAL CLASSIFICATION NUMBER
Classification number 539.72 COT 2007
100 1# - MAIN ENTRY--PERSONAL NAME
Personal name Cottingham, W. N.
9 (RLIN) 8016
245 13 - TITLE STATEMENT
Title An introduction to the standard model of particle physics /
Statement of responsibility, etc. W.N. Cottingham and D.A. Greenwood.
246 30 - VARYING FORM OF TITLE
Title proper/short title Standard model of particle physics
250 ## - EDITION STATEMENT
Edition statement 2nd ed.
260 ## - PUBLICATION, DISTRIBUTION, ETC. (IMPRINT)
Place of publication, distribution, etc. Cambridge ;
-- New York :
Name of publisher, distributor, etc. Cambridge University Press,
Date of publication, distribution, etc. 2007.
300 ## - PHYSICAL DESCRIPTION
Extent xix, 272 p. :
Other physical details ill. ;
Dimensions 26 cm.
650 #0 - SUBJECT ADDED ENTRY--TOPICAL TERM
Topical term or geographic name as entry element Standard model (Nuclear physics)
9 (RLIN) 15795
700 1# - ADDED ENTRY--PERSONAL NAME
Personal name Greenwood, D. A.
9 (RLIN) 8017
856 41 - ELECTRONIC LOCATION AND ACCESS
Materials specified Table of contents only
Uniform Resource Identifier http://www.loc.gov/catdir/toc/fy0712/2007274540.html
906 ## - LOCAL DATA ELEMENT F, LDF (RLIN)
a 7
b cbc
c origcop
d 2
e ncip
f 20
g y-gencatlg
942 ## - ADDED ENTRY ELEMENTS (KOHA)
Source of classification or shelving scheme Dewey Decimal Classification
Koha item type Open Shelf
Holdings
Withdrawn status Lost status Source of classification or shelving scheme Damaged status Not for loan Home library Current library Date acquired Source of acquisition Inventory number Total Checkouts Full call number Barcode Date last seen Price effective from Koha item type
    Dewey Decimal Classification     MUST Main Library MUST Main Library 24/06/2024 Donation 2009/31421   539.72 COT 2007 2024-21057 24/06/2024 24/06/2024 Open Shelf